000 00612nam a22002057a 4500
005 20250425155759.0
008 250425b |||||||| |||| 00| 0 eng d
020 _a9780073381282
050 _aHD30
_b.28 STR
100 _aKetchen David J.
245 _aStrategy|2008-2009
_cDavid J. Ketchen, Jr., Alan B. Eisner, Gregory G. Dess & G. T. Lumpkin
260 _aBoston
_bMcGraw-Hill/Irwin
_c2009
300 _axv. 319p.
_bill. (some col.)
_c25 cm
500 _aIncludes Index
650 _2Management
700 _aEisner Alan B.
700 _aDess Gregory G.
700 _aLumpkin G. T.
942 _2lcc
_cBK
_n0
999 _c5554
_d5554